Culture Générale - Série 296 - Statistiques

Statistiques générales
  • Ce quiz a été pris 223 fois
  • Le résultat moyen est 7 sur 10
Statistiques - réponses
Question Réponse % Correct
Combien de têtes couronnées y a-t-il dans un jeu d'échecs ? 4
96%
Comment appelle-t-on les habitants de Toulon ? Les Toulonnais
94%
Dans quel massif montagneux se situe le col du Saint-Gothard ? Les Alpes
84%
Dans quel art Jean-Baptiste Corot s'est-il illustré ? La peinture
82%
Quel acte manqué consiste à dire un mot à la place d'un autre ? Un lapsus linguae
78%
Selon le proverbe, de quoi l'enfer est-il pavé ? De Bonnes intentions
65%
Qui est la mère de l'actrice Lou Doillon ? Jane Birkin
59%
De quel entraîneur Laure Manaudou s'est-elle séparée en mai 2007 ? Philippe Lucas
55%
En 1983, qui met en scène "Un homme nommé Jésus" au théâtre ? Robert Hossein
30%
A quel compositeur doit-on l'opérette "La Belle Hélène" en 1864 ? Jacques Offenbach
24%
Aucun quiz correspondant
Distribution des résultats
% des personnes avec chaque résultat
Percentile par nombre de réponses
Votre historique - résultats
Vous n’avez pas pris ce quiz